[Event "Friendly Thematic Games"]
[Site "SchemingMind.com"]
[Date "2009.03.04"]
[Round "-"]
[White "marble"]
[Black "jtrochez1"]
[Result "1-0"]
[WhiteCountry "ENG"]
[BlackCountry "HON"]
[WhiteElo "1971"]
[WhiteRD "57"]
[BlackElo "1534"]
[BlackRD "51"]
[GameID "194947"]

1. Nc3 Nf6 2. e4 e5 3. f4 Nc6 4. fxe5 Nxe5 5. d4 Nc6 6. e5 Ng8 7. Nf3 Bb4 8. d5 Nxe5 9. Qe2 Qe7 10. Qxe5 Qxe5+
11. Nxe5 d6 12. Nd3 Ne7 13. Nxb4 a5 14. Nd3 O-O 15. b3 Bf5 16. Be2 c6 17. dxc6 bxc6 18. Bf4 Bxd3 19. Bxd3 Rfe8 20. O-O Rad8
21. Rae1 d5 22. Na4 d4 23. Bc7 Rd7 24. Bxa5 g6 25. Bb4 Kg7 26. Bc4 f5 27. Nc5 Ra7 28. a4 Kf6 29. Ne4+ Kg7 30. Bc5
1-0

[Event "Friendly Thematic Games"]
[Site "SchemingMind.com"]
[Date "2009.03.07"]
[Round "-"]
[White "marble"]
[Black "Shanks"]
[Result "1-0"]
[WhiteCountry "ENG"]
[BlackCountry "ENG"]
[WhiteElo "1977"]
[WhiteRD "57"]
[BlackElo "1412"]
[BlackRD "76"]
[GameID "194949"]

1. Nc3 g6 2. e4 Bg7 3. d4 a6 4. Be3 c6 5. Qd2 h5 6. O-O-O e6 7. Nf3 Ne7 8. e5 Nd5 9. Bg5 Qc7 10. Ne4 O-O
11. Bf6 Nxf6 12. exf6 Bh8 13. Qh6 d5 14. Nfg5 Qf4+ 15. Kb1
1-0

[Event "Friendly Thematic Games"]
[Site "SchemingMind.com"]
[Date "2009.03.03"]
[Round "-"]
[White "marble"]
[Black "maro"]
[Result "1-0"]
[WhiteCountry "ENG"]
[BlackCountry "MEX"]
[WhiteElo "1915"]
[WhiteRD "56"]
[BlackElo "1340"]
[BlackRD "48"]
[GameID "194950"]

1. Nc3 c6 2. e4 d5 3. d4 Qb6 4. exd5 cxd5 5. Nxd5 Qd6 6. Bc4 Nf6 7. Bf4 Qe6+ 8. Ne3 Qe4 9. Ne2 Nh5 10. Bd3 Qe6
11. d5 Qf6 12. c3 Nxf4 13. Qa4+ Bd7 14. Qxf4 Qxf4 15. Nxf4 g6 16. O-O Bh6 17. Ne2 O-O 18. Rad1 a6 19. Nc4 e6 20. Nb6 Ra7
21. dxe6 Bxe6 22. b3 Rd8 23. Nd4 Bd5 24. c4 Nc6 25. Nc2 Be6 26. b4 Ne7 27. a4 Bf5 28. Bxf5 Rxd1 29. Rxd1 Nxf5 30. a5 Bg5
31. g3 Kf8 32. Rd5 Ke8 33. g4
1-0

[Event "Friendly Thematic Games"]
[Site "SchemingMind.com"]
[Date "2009.03.04"]
[Round "-"]
[White "marble"]
[Black "Norsland"]
[Result "1-0"]
[WhiteCountry "ENG"]
[BlackCountry "USA"]
[WhiteElo "1915"]
[WhiteRD "56"]
[BlackElo "1914"]
[BlackRD "74"]
[GameID "194951"]

1. Nc3 Nf6 2. e4 e5 3. Nf3 Nc6 4. Bb5 Bc5 5. Nxe5 Nxe5 6. d4 Bxd4 7. Qxd4 Nc6 8. Bxc6 bxc6 9. Bg5 d6 10. O-O-O Be6
11. e5 dxe5 12. Qxe5 Qe7 13. Ne4
1-0

[Event "Friendly Thematic Games"]
[Site "SchemingMind.com"]
[Date "2009.03.03"]
[Round "-"]
[White "marble"]
[Black "Heidi"]
[Result "1-0"]
[WhiteCountry "ENG"]
[BlackCountry "USA"]
[WhiteElo "1915"]
[WhiteRD "56"]
[BlackElo "943"]
[BlackRD "65"]
[GameID "194952"]

1. Nc3 e5 2. e4 Nc6 3. Bc4 Nf6 4. d3 Bb4 5. Bd2 Bxc3 6. Bxc3 d5 7. exd5 Nxd5 8. Bxd5 Qxd5 9. Ne2 Qxg2 10. Rf1 Qxh2
11. Qd2 Bg4 12. O-O-O O-O 13. f3 Be6 14. Rh1 Qf2 15. d4 Qxf3 16. Rdf1 Qd5 17. Qd3 e4 18. Qg3 Rad8 19. Rfg1 Qa5 20. Qxg7#
1-0

[Event "Friendly Thematic Games"]
[Site "SchemingMind.com"]
[Date "2009.03.03"]
[Round "-"]
[White "lame wolf"]
[Black "marble"]
[Result "0-1"]
[WhiteCountry "INT"]
[BlackCountry "ENG"]
[WhiteElo "1107"]
[WhiteRD "47"]
[BlackElo "1915"]
[BlackRD "56"]
[GameID "194953"]

1. Nc3 c5 2. d4 d5 3. e3 e6 4. dxc5 Bxc5 5. Bd3 Nc6 6. e4 Qf6 7. Qf3 Qd4 8. Be3 Qb4 9. Bc1 d4 10. a3 Qa5
11. b4 Bxb4 12. Bb2 Bxc3+
0-1

[Event "Friendly Thematic Games"]
[Site "SchemingMind.com"]
[Date "2009.03.04"]
[Round "-"]
[White "jtrochez1"]
[Black "marble"]
[Result "1-0"]
[WhiteCountry "HON"]
[BlackCountry "ENG"]
[WhiteElo "1580"]
[WhiteRD "48"]
[BlackElo "1915"]
[BlackRD "56"]
[GameID "194954"]

1. Nc3 c5 2. e4 g6 3. Bc4 Nc6 4. Nf3 Bg7 5. O-O d6 6. h3 Nf6 7. a3 O-O 8. d3 Bd7 9. Rb1 Na5 10. Ba2 Nc6
11. Nd5 e6 12. Nxf6+ Qxf6 13. Bg5
1-0

[Event "Friendly Thematic Games"]
[Site "SchemingMind.com"]
[Date "2009.03.08"]
[Round "-"]
[White "Shanks"]
[Black "marble"]
[Result "1-0"]
[WhiteCountry "ENG"]
[BlackCountry "ENG"]
[WhiteElo "1472"]
[WhiteRD "70"]
[BlackElo "1971"]
[BlackRD "57"]
[GameID "194956"]

1. Nc3 c5 2. Nf3 g6 3. e4 d6 4. d4 cxd4 5. Nxd4 Nf6 6. Be2 Bg7 7. O-O O-O 8. b3 e5 9. Nf3 Nc6 10. Bd3 a6
11. Bb2 b5 12. a3 Re8 13. b4 Nh5 14. Nd5 Nf4 15. Nxf4 exf4 16. Bxg7 Kxg7 17. Qc1 Qf6 18. c3 Bg4 19. h3 Bxf3 20. gxf3 Ne5
21. Be2 d5 22. exd5 Nd7 23. Re1 Qg5+ 24. Kh1 Qxd5 25. Qxf4 Ne5 26. Rad1 Qc6 27. Rc1 h6 28. Qh2 Re7 29. Kg1 Nc4 30. Qg2 Re5
31. f4 Qxg2+ 32. Kxg2 Re7 33. Bf3 Rae8 34. Rxe7 Rxe7 35. Ra1= Rc7 36. a4 bxa4 37. Rxa4 Nd2 38. Be2 Rxc3 39. Rxa6 Rc2 40. Bd3 Rb2
41. b5 g5 42. fxg5 hxg5 43. b6 Rb3 44. Bf5 Nc4 45. Ra4 Nxb6 46. Rg4 Kf6 47. Be4 Ke5 48. Bf3 f6 49. Re4+ Kf5 50. Rg4= Nd7
51. Rd4 Ne5 52. Be4+ Ke6 53. Bd5+ Ke7 54. Bxb3
1-0

[Event "Friendly Thematic Games"]
[Site "SchemingMind.com"]
[Date "2009.03.03"]
[Round "-"]
[White "maro"]
[Black "marble"]
[Result "0-1"]
[WhiteCountry "MEX"]
[BlackCountry "ENG"]
[WhiteElo "1340"]
[WhiteRD "48"]
[BlackElo "1915"]
[BlackRD "56"]
[GameID "194957"]

1. Nc3 c5 2. e4 g6 3. d4 cxd4 4. Qxd4 Nf6 5. e5 Nc6 6. Qc4 Nxe5 7. Qd4 Nc6 8. Qe3 d5 9. Nxd5 Nxd5 10. Qb3 Bg7
11. Bc4 Nd4 12. Qa4+ Bd7 13. Bb5 Bxb5 14. Qxd4 Bxd4
0-1

[Event "Friendly Thematic Games"]
[Site "SchemingMind.com"]
[Date "2009.03.04"]
[Round "-"]
[White "Norsland"]
[Black "marble"]
[Result "0-1"]
[WhiteCountry "USA"]
[BlackCountry "ENG"]
[WhiteElo "1914"]
[WhiteRD "74"]
[BlackElo "1915"]
[BlackRD "56"]
[GameID "194958"]

1. Nc3 c5 2. Nf3 d5 3. e4 e6 4. d4 Nc6 5. Be3 cxd4 6. Nxd4 Nf6 7. Bb5 Bd7 8. Bxc6 Bxc6 9. e5 Nd7 10. Nf3 Qc7
11. Bf4 Bc5 12. Qd3 f6 13. O-O-O fxe5 14. Ng5 Nf8 15. Bg3 Qe7 16. Nh3 Nd7 17. Rhe1 e4 18. Qe2 O-O 19. Qg4 Nf6 20. Qf4 d4
21. Nb1 Bb4 22. Re2 Rad8
0-1

[Event "Friendly Thematic Games"]
[Site "SchemingMind.com"]
[Date "2009.03.03"]
[Round "-"]
[White "Heidi"]
[Black "marble"]
[Result "0-1"]
[WhiteCountry "USA"]
[BlackCountry "ENG"]
[WhiteElo "943"]
[WhiteRD "65"]
[BlackElo "1915"]
[BlackRD "56"]
[GameID "194959"]

1. Nc3 c5 2. e4 g6 3. Nf3 Bg7 4. Bb5 Nc6 5. d4 d6 6. O-O Nf6 7. Bg5 O-O 8. Re1 cxd4 9. Nxd4 Qb6 10. Nb3 Ng4
11. Be2 Nxf2 12. Qd2 Nxe4+ 13. Kh1 Nxd2 14. Nxd2 Qxb2 15. Rad1 Bxc3 16. Rb1 Qxc2 17. Rb5 Qxd2
0-1

[Event "Friendly Thematic Games"]
[Site "SchemingMind.com"]
[Date "2009.03.05"]
[Round "-"]
[White "reo"]
[Black "lame wolf"]
[Result "1-0"]
[WhiteCountry "THA"]
[BlackCountry "INT"]
[WhiteElo "1861"]
[WhiteRD "71"]
[BlackElo "1107"]
[BlackRD "47"]
[GameID "195019"]

1. Nc3 g6 2. e4 Bg7 3. Bc4 e5 4. Nf3 f6 5. O-O Ne7 6. d4 Nec6 7. a3 d6 8. Be3 exd4 9. Nxd4 Nxd4 10. Bxd4 Nc6
11. Be3 Ne5 12. Ba2 Bd7 13. h3 f5 14. f4 Nf7 15. Bd4 Bxd4+ 16. Qxd4 c5 17. Qg7 Rf8 18. Rae1 Nh8 19. exf5+ Qe7 20. Qxe7#
1-0

[Event "Friendly Thematic Games"]
[Site "SchemingMind.com"]
[Date "2009.03.04"]
[Round "-"]
[White "reo"]
[Black "jtrochez1"]
[Result "1-0"]
[WhiteCountry "THA"]
[BlackCountry "HON"]
[WhiteElo "1861"]
[WhiteRD "70"]
[BlackElo "1534"]
[BlackRD "51"]
[GameID "195020"]

1. Nc3 Nf6 2. e4 e5 3. Nf3 d6 4. d4 Nc6 5. d5 Nb8 6. h3 h6 7. Be3 Bd7 8. Qd2 a6 9. O-O-O Qc8 10. Nh4 b5
11. f3 b4 12. Ne2 a5 13. g4 c5 14. dxc6 Nxc6 15. Kb1 Be7 16. Ng3 a4 17. b3 axb3 18. cxb3 Qb7 19. Nhf5 Bf8 20. Nxd6+ Bxd6
21. Qxd6 Be6 22. Rd2 Qd7 23. Qc5 Qc7 24. Bb5 Bd7 25. Nf5 O-O-O 26. Nd6+ Kb8 27. Rc1 Ne8 28. Bxc6 Nxd6 29. Qxb4+ Nb7 30. Bd5 Bc6
31. Rxc6
1-0

[Event "Friendly Thematic Games"]
[Site "SchemingMind.com"]
[Date "2009.03.05"]
[Round "-"]
[White "reo"]
[Black "marble"]
[Result "0-1"]
[WhiteCountry "THA"]
[BlackCountry "ENG"]
[WhiteElo "1836"]
[WhiteRD "70"]
[BlackElo "1977"]
[BlackRD "57"]
[GameID "195021"]

1. Nc3 d5 2. e4 d4 3. Nce2 Nc6 4. f4 Nf6 5. d3 e6 6. e5 Nd5 7. Nf3 f6 8. c3 dxc3 9. bxc3 fxe5 10. fxe5 Be7
11. g3 O-O 12. Bg2 b5 13. O-O Qd7 14. Bd2 Ba6 15. Kh1 Rad8 16. Qc2 b4 17. c4 Nb6 18. Nc1 Bb7 19. Be3 Nxe5 20. Qe2 Bxf3
21. Bxf3 Nxf3 22. Rxf3 Qc6 23. Kg2 g5 24. g4 Rf7 25. Kf2 Rdf8 26. Rxf7 Rxf7+ 27. Kg1 Na4 28. Bd4 Nc3 29. Qg2 Qd7 30. Nb3 a5
31. Rf1 Rxf1+ 32. Kxf1 a4 33. Qa8+ Bd8 34. Bf6 Qxd3+ 35. Kg1 Qe3+
0-1

[Event "Friendly Thematic Games"]
[Site "SchemingMind.com"]
[Date "2009.03.09"]
[Round "-"]
[White "reo"]
[Black "Shanks"]
[Result "1-0"]
[WhiteCountry "THA"]
[BlackCountry "ENG"]
[WhiteElo "1847"]
[WhiteRD "67"]
[BlackElo "1447"]
[BlackRD "72"]
[GameID "195023"]

1. Nc3 e5 2. Nf3 d6 3. d4 exd4 4. Nxd4 g6 5. e4 Bg7 6. Be3 a6 7. Qd2 c5 8. Nb3 Nc6 9. O-O-O Qc7 10. Qxd6 Qxd6
11. Rxd6 Nge7 12. Nxc5 O-O 13. Be2 b6 14. N5a4 Bb7 15. Bxb6 Bh6+ 16. Kb1 Bf4 17. Rdd1 Be5 18. Nd5 Bg7 19. Nxe7+ Kh8 20. Nxc6 Bxc6
21. b3 Bxe4 22. f3 Bf5 23. Bd4 f6 24. g4 Be6 25. h4 Bd5 26. h5 gxh5 27. Rxh5 h6 28. Nc5 Rfe8 29. Rd2 a5 30. f4 Kg8
31. Rxd5 a4 32. Nxa4 Rad8 33. Rxd8 Rxd8 34. Bc4+ Kh8 35. c3 Re8 36. g5 Re1+ 37. Kb2 fxg5 38. Bxg7+ Kxg7 39. fxg5 hxg5 40. Rg2 Kf6
41. Nc5 Re5 42. Nd7+ Kf5 43. Nxe5 Kxe5 44. Rxg5+ Kf4 45. Rd5 Ke4 46. a4
1-0

[Event "Friendly Thematic Games"]
[Site "SchemingMind.com"]
[Date "2009.03.05"]
[Round "-"]
[White "reo"]
[Black "maro"]
[Result "1-0"]
[WhiteCountry "THA"]
[BlackCountry "MEX"]
[WhiteElo "1861"]
[WhiteRD "71"]
[BlackElo "1340"]
[BlackRD "48"]
[GameID "195024"]

1. Nc3 c6 2. e4 e5 3. Nf3 Bd6 4. Bc4 Nh6 5. O-O O-O 6. d4 Ng4 7. h3 b5 8. Bb3 b4 9. Na4 Ba6 10. Re1 Qe7
11. hxg4 c5 12. dxc5 Bxc5 13. Nxc5 Qxc5 14. Be3 Qe7 15. g3 Nc6 16. Kg2 h6 17. Rh1 Rad8 18. Nh4 g6 19. Nxg6 Qf6 20. Rxh6
1-0

[Event "Friendly Thematic Games"]
[Site "SchemingMind.com"]
[Date "2009.03.04"]
[Round "-"]
[White "reo"]
[Black "Norsland"]
[Result "1-0"]
[WhiteCountry "THA"]
[BlackCountry "USA"]
[WhiteElo "1861"]
[WhiteRD "71"]
[BlackElo "1914"]
[BlackRD "74"]
[GameID "195025"]

1. Nc3 Nf6 2. e4 e5 3. f4 Nc6 4. fxe5 Nxe5 5. d4 Ng6 6. e5 Ng8 7. Nf3 d5 8. Bd3 Bb4 9. Bd2 N8e7 10. a3 Ba5
11. O-O c6 12. Ng5 Be6 13. b4 Bb6 14. Nxe6 fxe6 15. Be3 Nxe5 16. Qh5+ N5g6 17. Na4 Kd7 18. Rf7 Rf8 19. Raf1 Qe8 20. Bxg6 hxg6
21. Qxg6 Rxf7 22. Rxf7
1-0

[Event "Friendly Thematic Games"]
[Site "SchemingMind.com"]
[Date "2009.03.05"]
[Round "-"]
[White "reo"]
[Black "Heidi"]
[Result "1-0"]
[WhiteCountry "THA"]
[BlackCountry "USA"]
[WhiteElo "1861"]
[WhiteRD "71"]
[BlackElo "943"]
[BlackRD "65"]
[GameID "195026"]

1. Nc3 e5 2. e4 Nf6 3. f4 Nc6 4. Nf3 d5 5. fxe5 Nxe4 6. d4 h6 7. Bb5 Nxc3 8. bxc3 Be7 9. O-O O-O 10. Bd3 Bh4
11. Nxh4 Qxh4 12. Rf4 Qg5 13. Rxf7 Rxf7 14. Bxg5 hxg5 15. Bg6 Rf8 16. Qh5 Bf5 17. Qh7#
1-0

[Event "Friendly Thematic Games"]
[Site "SchemingMind.com"]
[Date "2009.03.04"]
[Round "-"]
[White "lame wolf"]
[Black "reo"]
[Result "0-1"]
[WhiteCountry "INT"]
[BlackCountry "THA"]
[WhiteElo "1107"]
[WhiteRD "47"]
[BlackElo "1861"]
[BlackRD "71"]
[GameID "195027"]

1. Nc3 c5 2. d4 cxd4 3. Nb1 Nc6 4. e3 dxe3 5. fxe3 e5 6. Bd3 Nf6 7. e4 h6 8. Be3 d5 9. Bb5 Qa5+ 10. Bd2 Qxb5
11. b3 Nxe4 12. a4 Qb6 13. Qe2 Nd4 14. Be3 Nxc2+ 15. Qxc2 Qxe3+ 16. Qe2 Bb4+ 17. Kf1 Qc1+
0-1

[Event "Friendly Thematic Games"]
[Site "SchemingMind.com"]
[Date "2009.03.04"]
[Round "-"]
[White "jtrochez1"]
[Black "reo"]
[Result "0-1"]
[WhiteCountry "HON"]
[BlackCountry "THA"]
[WhiteElo "1534"]
[WhiteRD "51"]
[BlackElo "1861"]
[BlackRD "70"]
[GameID "195028"]

1. Nc3 c5 2. e4 Nc6 3. Bc4 g6 4. Nf3 Bg7 5. O-O d6 6. h3 a6 7. a3 e6 8. Ne2 b5 9. Ba2 Nge7 10. c3 Bb7
11. d3 O-O 12. Be3 Rc8 13. Rc1 Ne5 14. Nxe5 dxe5 15. Ng3 Qc7 16. Qe1 Rfd8 17. Bb1 c4 18. Rd1 Qc6 19. d4 Rc7 20. Ne2 Rcd7
21. f4 f5 22. Ng3 g5 23. d5 exd5 24. fxg5 f4 25. Nf5 Nxf5 26. exd5 Rxd5 27. Rxd5 Qxd5 28. Rf2 Nxe3 29. Qe2 Qd1+
0-1

[Event "Friendly Thematic Games"]
[Site "SchemingMind.com"]
[Date "2009.03.04"]
[Round "-"]
[White "marble"]
[Black "reo"]
[Result "1-0"]
[WhiteCountry "ENG"]
[BlackCountry "THA"]
[WhiteElo "1915"]
[WhiteRD "56"]
[BlackElo "1861"]
[BlackRD "71"]
[GameID "195029"]

1. Nc3 g6 2. e4 Bg7 3. d4 d6 4. Nf3 Nf6 5. Be2 O-O 6. O-O c6 7. h3 Nbd7 8. Be3 e5 9. dxe5 dxe5 10. Re1 Re8
11. Qd2 Qc7 12. a4 Qa5 13. Red1 Nc5 14. Rab1 Qb4 15. Bxc5 Qxc5 16. b4 Qe7 17. Bc4 Be6 18. Bxe6 Qxe6 19. b5 Bf8 20. Qd3 h6
21. a5 Be7 22. Qe3 Kg7 23. bxc6 bxc6 24. a6 Nd7 25. Na4 Bd8 26. Rb7 Nb6 27. Nc5 Qc4 28. Rd6 Qb5 29. Nxe5
1-0

[Event "Friendly Thematic Games"]
[Site "SchemingMind.com"]
[Date "2009.03.09"]
[Round "-"]
[White "Shanks"]
[Black "reo"]
[Result "0-1"]
[WhiteCountry "ENG"]
[BlackCountry "THA"]
[WhiteElo "1472"]
[WhiteRD "70"]
[BlackElo "1861"]
[BlackRD "70"]
[GameID "195031"]

1. Nc3 e5 2. e4 Nf6 3. a3 Nc6 4. g3 d5 5. Bg2 Be6 6. d3 Qd7 7. exd5 Nxd5 8. Ne4 h6 9. c4 Nb6 10. b3 Rd8
11. c5 Nd5 12. Bb2 f5 13. Nd6+ cxd6 14. cxd6 Bxd6 15. Ne2 O-O 16. O-O f4 17. gxf4 Bh3 18. fxe5 Bxe5 19. Bxe5 Nxe5 20. Ng3 Bxg2
21. Kxg2 Nf4+ 22. Kh1 Qh3 23. b4 Qg2#
0-1

[Event "Friendly Thematic Games"]
[Site "SchemingMind.com"]
[Date "2009.03.04"]
[Round "-"]
[White "maro"]
[Black "reo"]
[Result "0-1"]
[WhiteCountry "MEX"]
[BlackCountry "THA"]
[WhiteElo "1340"]
[WhiteRD "48"]
[BlackElo "1861"]
[BlackRD "71"]
[GameID "195032"]

1. Nc3 g6 2. d4 Bg7 3. e4 d6 4. Nf3 Nf6 5. e5 dxe5 6. Nxe5 O-O 7. Bc4 e6 8. Bf4 a6 9. O-O b5 10. Qf3 Ra7
11. Bd3 Bb7 12. Be4 Nxe4 13. Nxe4 f5 14. Bg5 Qe8 15. Rad1 Bxe4 16. Qf4 Nd7 17. Nxd7 Qxd7 18. Qe3 Qd5 19. Bh6 c6
0-1

[Event "Friendly Thematic Games"]
[Site "SchemingMind.com"]
[Date "2009.03.04"]
[Round "-"]
[White "Norsland"]
[Black "reo"]
[Result "1-0"]
[WhiteCountry "USA"]
[BlackCountry "THA"]
[WhiteElo "1929"]
[WhiteRD "76"]
[BlackElo "1836"]
[BlackRD "70"]
[GameID "195033"]

1. Nc3 c5 2. f4 d5 3. Nf3 Nf6 4. d3 d4 5. Ne4 e6 6. e3 Nc6 7. Be2 Be7 8. Nxf6+ Bxf6 9. e4 g6 10. O-O O-O
11. g4 e5 12. f5 Kh8 13. g5 Be7 14. f6 Bd6 15. Qe1 h5 16. Qh4 Qd7 17. a3 Qh3 18. Qg3 Qxg3+ 19. hxg3 Bg4 20. Kg2 Rfc8
21. Rh1 Kg8 22. Ng1 Bxe2 23. Nxe2 Kf8 24. g4 Ke8 25. gxh5 Kd7 26. hxg6 fxg6 27. Rh7+ Ke6 28. Bd2 b6 29. Rah1 Rc7 30. Ng1 Rg8
31. Nf3 Rxh7 32. Rxh7 Bf8 33. Kg3 b5 34. Kg4 a5 35. Rc7 Kd6 36. Rxc6+ Kxc6 37. Nxe5+ Kd6 38. Nxg6 Rxg6 39. Kf5 Rg8 40. e5+ Kd7
41. e6+ Kd6 42. Bf4+ Kc6 43. g6 Kd5 44. e7 Bxe7 45. fxe7 Kc6 46. Ke6 Re8 47. a4 bxa4 48. Kf7 Kd7 49. Bd6
1-0

[Event "Friendly Thematic Games"]
[Site "SchemingMind.com"]
[Date "2009.03.04"]
[Round "-"]
[White "Heidi"]
[Black "reo"]
[Result "0-1"]
[WhiteCountry "USA"]
[BlackCountry "THA"]
[WhiteElo "943"]
[WhiteRD "65"]
[BlackElo "1861"]
[BlackRD "71"]
[GameID "195034"]

1. Nc3 e5 2. e4 Nf6 3. Nf3 Nc6 4. d4 exd4 5. Nxd4 Bb4 6. Nb5 a6 7. Nd4 O-O 8. Bd3 Nxd4 9. a3 Bxc3+ 10. bxc3 Nc6
11. O-O d6 12. Re1 Re8 13. Rb1 h6 14. h3 d5 15. e5 Nxe5 16. Re3 Nxd3 17. Qxd3 Qd6 18. c4 Rxe3 19. Bxe3 c5 20. Qd2 b6
21. Re1 Be6 22. Bxh6 gxh6 23. g4 Nh7 24. a4 Ng5 25. Kf1 d4 26. h4 Nf3 27. Qxh6 Bxc4+ 28. Kg2 Nxe1+ 29. Kh3 Bf1#
0-1

[Event "Friendly Thematic Games"]
[Site "SchemingMind.com"]
[Date "2009.03.04"]
[Round "-"]
[White "aadaam"]
[Black "lame wolf"]
[Result "1-0"]
[WhiteCountry "INT"]
[BlackCountry "INT"]
[WhiteElo "1739"]
[WhiteRD "49"]
[BlackElo "1107"]
[BlackRD "47"]
[GameID "195044"]

1. Nc3 f5 2. d4 Nf6 3. Bg5 h6 4. Bxf6 exf6 5. e3 Bb4 6. Ne2 Bxc3+ 7. Nxc3 g5 8. Bd3 f4 9. Bg6+ Ke7 10. exf4 b6
11. Qe2+ Kf8 12. O-O-O Qe7 13. Qd3 Bb7 14. Rhe1 Qg7 15. Re8#
1-0

[Event "Friendly Thematic Games"]
[Site "SchemingMind.com"]
[Date "2009.03.04"]
[Round "-"]
[White "aadaam"]
[Black "jtrochez1"]
[Result "1-0"]
[WhiteCountry "INT"]
[BlackCountry "HON"]
[WhiteElo "1677"]
[WhiteRD "50"]
[BlackElo "1540"]
[BlackRD "53"]
[GameID "195045"]

1. Nc3 Nf6 2. e4 e5 3. Nf3 Bd6 4. Bc4 h6 5. O-O O-O 6. d4 Nc6 7. d5 Na5 8. Bd3 c6 9. a3 cxd5 10. exd5 b6
11. b4 Nb7 12. Re1 Re8 13. Ne4 Nxe4 14. Bxe4 Rb8 15. c4 Be7 16. Bb2 d6 17. Qc2 Bf6 18. h3 Bd7 19. Rac1 Rc8 20. Nd2 Rc7
21. Kh2 Bg5 22. Rcd1 Qc8 23. Bd3 Bf4+ 24. g3 Bxd2 25. Qxd2 Bxh3 26. f4 Rce7 27. fxe5 dxe5 28. Qf2 Nd6 29. c5 Nb7 30. Bc4 a6
31. d6 Rd7 32. Kxh3 Rxd6+ 33. Kh2 Rf6 34. Qg2 bxc5 35. Bxe5 Rb6 36. Qa2 Qf5 37. Rf1 Qh5+ 38. Kg2 Re7 39. bxc5 Nxc5 40. Bxf7+ Rxf7
41. Rd8+ Kh7 42. Qc2+ Qg6 43. Qxc5 Qe4+ 44. Kg1 Rxf1+ 45. Kxf1 Rb1+ 46. Kf2 Qe1+ 47. Kf3 Rb3+ 48. Kg4 Qe2+ 49. Kf5 Qh5+ 50. Ke6 Qg4+
51. Kd6 Rd3+ 52. Kc7 Rxd8 53. Kxd8 Qg5+ 54. Qe7 Qxe7+ 55. Kxe7 g5 56. Kd6 Kg8 57. Kc6
1-0

[Event "Friendly Thematic Games"]
[Site "SchemingMind.com"]
[Date "2009.03.04"]
[Round "-"]
[White "aadaam"]
[Black "marble"]
[Result "0-1"]
[WhiteCountry "INT"]
[BlackCountry "ENG"]
[WhiteElo "1739"]
[WhiteRD "49"]
[BlackElo "1915"]
[BlackRD "56"]
[GameID "195046"]

1. Nc3 Nf6 2. d4 d5 3. Bf4 e6 4. e3 Bb4 5. Ne2 O-O 6. a3 Be7 7. f3 c5 8. Bxb8 Rxb8 9. Ng3 Bd7 10. Be2 Qb6
11. b3 Rbc8 12. O-O cxd4 13. Nxd5 Nxd5
0-1

[Event "Friendly Thematic Games"]
[Site "SchemingMind.com"]
[Date "2009.03.09"]
[Round "-"]
[White "aadaam"]
[Black "Shanks"]
[Result "1-0"]
[WhiteCountry "INT"]
[BlackCountry "ENG"]
[WhiteElo "1677"]
[WhiteRD "50"]
[BlackElo "1447"]
[BlackRD "72"]
[GameID "195048"]

1. Nc3 g6 2. e4 Bg7 3. d4 a6 4. Be2 d6 5. f4 c6 6. Nf3 Nd7 7. O-O e6 8. Qd3 Qc7 9. e5 d5 10. Be3 Ne7
11. g4 O-O 12. Rae1 b6 13. Nh4 c5 14. f5 exf5 15. gxf5 gxf5 16. Nxf5 Nxf5 17. Rxf5 Bb7 18. Rh5 f5 19. Rxf5 Rxf5 20. Qxf5 Rf8
21. Qe6+ Kh8 22. Nxd5 Bxd5 23. Qxd5 cxd4 24. Bxd4 b5 25. Bg4 Nb6 26. Qc5 Qxc5 27. Bxc5 Nc4 28. Bxf8 Bxf8 29. e6 Be7 30. b3 Nd6
31. Rd1 Ne4 32. Bf5 Nf6 33. c4 bxc4 34. bxc4 a5 35. a4 h5 36. Rb1 Bc5+ 37. Kg2 Kg7 38. Rb7+ Kh6 39. Rb5 Bb4 40. Rxb4 axb4
41. a5 b3 42. a6 Ne8 43. a7 Nc7 44. e7 Kg5 45. Bb1 b2 46. a8=Q Nxa8 47. e8=Q Nb6 48. Qg6+ Kf4 49. Qg3#
1-0

[Event "Friendly Thematic Games"]
[Site "SchemingMind.com"]
[Date "2009.03.04"]
[Round "-"]
[White "aadaam"]
[Black "maro"]
[Result "1-0"]
[WhiteCountry "INT"]
[BlackCountry "MEX"]
[WhiteElo "1739"]
[WhiteRD "49"]
[BlackElo "1340"]
[BlackRD "48"]
[GameID "195049"]

1. Nc3 d5 2. d4 Nc6 3. Bf4 Bf5 4. a3 Nf6 5. e3 h6 6. Nf3 Nh5 7. Ne2 f6 8. h3 e5 9. Bh2 Bd6 10. g4 Be4
11. Bg2 Bxf3 12. Bxf3 e4 13. Bg2 Bxh2 14. Rxh2 Qd6 15. Rh1 g5 16. gxh5 O-O-O 17. Qd2 f5 18. O-O-O f4 19. f3 Rde8 20. fxe4 dxe4
21. exf4 e3 22. Qd3 gxf4 23. Qf5+ Kb8 24. Bxc6 bxc6 25. Nxf4 e2 26. Nxe2 Rxe2 27. Rhe1 Rhe8 28. Rxe2 Rxe2 29. Qg4 c5 30. Qxe2
1-0

[Event "Friendly Thematic Games"]
[Site "SchemingMind.com"]
[Date "2009.03.05"]
[Round "-"]
[White "aadaam"]
[Black "Norsland"]
[Result "0-1"]
[WhiteCountry "INT"]
[BlackCountry "USA"]
[WhiteElo "1739"]
[WhiteRD "49"]
[BlackElo "1914"]
[BlackRD "74"]
[GameID "195050"]

1. Nc3 c5 2. e4 Nc6 3. Nf3 e6 4. d4 cxd4 5. Nxd4 a6 6. Be3 Qc7 7. Qd2 Bb4 8. a3 Ba5 9. Be2 Nf6 10. f3 d5
11. b4 Nxb4 12. axb4 Bxb4 13. Ndb5 axb5
0-1

[Event "Friendly Thematic Games"]
[Site "SchemingMind.com"]
[Date "2009.03.04"]
[Round "-"]
[White "aadaam"]
[Black "Heidi"]
[Result "1-0"]
[WhiteCountry "INT"]
[BlackCountry "USA"]
[WhiteElo "1739"]
[WhiteRD "49"]
[BlackElo "943"]
[BlackRD "65"]
[GameID "195051"]

1. Nc3 e5 2. e4 Nc6 3. Bc4 Bc5 4. d3 d6 5. Be3 Nf6 6. Nf3 Ng4 7. Bxc5 dxc5 8. O-O Be6 9. Bxe6 fxe6 10. h3 Nf6
11. Qd2 Qd7 12. a3 O-O 13. Qg5 h6 14. Qe3 g5 15. Nh2 h5 16. Qxg5+ Qg7 17. Qxg7+ Kxg7 18. f4 Ng4 19. hxg4 hxg4 20. Nxg4 Rh8
21. g3 Rh7 22. Kf2 exf4 23. gxf4 Rah8 24. Rg1 Nd4 25. Ne2 Nxc2 26. Ne3+ Kf7 27. Nxc2 c6 28. b4 cxb4 29. axb4 e5 30. Rxa7 Rb8
31. fxe5 Ke7 32. Ncd4 c5 33. Nc6+
1-0

[Event "Friendly Thematic Games"]
[Site "SchemingMind.com"]
[Date "2009.03.05"]
[Round "-"]
[White "aadaam"]
[Black "reo"]
[Result "0-1"]
[WhiteCountry "INT"]
[BlackCountry "THA"]
[WhiteElo "1739"]
[WhiteRD "49"]
[BlackElo "1861"]
[BlackRD "71"]
[GameID "195052"]

1. Nc3 d5 2. d4 Nf6 3. Bf4 c5 4. e3 e6 5. Nf3 a6 6. Be2 Nc6 7. O-O b5 8. Re1 Be7 9. Ne5 Bb7 10. Nxc6 Bxc6
11. Qd2 b4 12. Nd1 O-O 13. c3 a5 14. cxb4 axb4 15. b3 Qa5 16. Nb2 Ne4
0-1

[Event "Friendly Thematic Games"]
[Site "SchemingMind.com"]
[Date "2009.03.04"]
[Round "-"]
[White "lame wolf"]
[Black "aadaam"]
[Result "0-1"]
[WhiteCountry "INT"]
[BlackCountry "INT"]
[WhiteElo "1107"]
[WhiteRD "47"]
[BlackElo "1739"]
[BlackRD "49"]
[GameID "195053"]

1. Nc3 c5 2. d4 cxd4 3. Qxd4 Nc6 4. Qd1 g6 5. g3 Bg7 6. Bg2 Nf6 7. e3 O-O 8. Qe2 d6 9. f3 e6 10. e4 Bd7
11. Bg5 Qb6 12. Qb5 Qc7 13. f4 Nd4 14. Qd3 Ne8 15. Nge2 Nxe2 16. Qxe2 Bxc3+ 17. bxc3 Qxc3+ 18. Qd2 Qxa1+ 19. Qd1 Qxd1+ 20. Kxd1 f6
21. Bh4 Rc8 22. Kc1 Ba4
0-1